Empereurs de la dynastie des Illyriens - Statistiques

Statistiques générales
  • Ce quiz a été pris 13 fois
  • Le résultat moyen est 3 sur 9
Statistiques - réponses
Indice Réponse % Correct
270 - 275 Aurélien
86%
268 - 270 Claude II
71%
276 - 282 Probus
57%
283 - 285 Carin
29%
282 - 283 Carus
14%
276 Florien
14%
283 - 284 Numérien
14%
275 - 276 Tacite
14%
270 Quintillus
0%
Aucun quiz correspondant
Distribution des résultats
% des personnes avec chaque résultat
Percentile par nombre de réponses
Votre historique - résultats
Vous n’avez pas pris ce quiz